Statistics for Guess the TV show!

Click here to take the quiz!

General Stats

  • This quiz has been taken 47 times
  • The average score is 4 of 9

Answer Stats

CharacterTV Show% Correct
Phoebe BuffayFriends
86%
Betty CooperRiverdale
72%
Max FullerFuller House
51%
Romona GibblerFuller House
51%
Jesus Adams FosterThe fosters
37%
Jonah BeckAndi Mack
33%
Cyrus GoodmanAndi Mack
33%
Chad DanforthHigh School Musical
16%
Blue BordelonQueen Sugar
9%

Score Distribution

Percentile by Number Answered

Percent of People with Each Score

Your Score History

You have not taken this quiz